000 01013nam a22002417a 4500
008 081120t xxu||||| |||| 00| 0 eng d
010 _aENG-91697
020 _a9788175346963
_c495.00
035 _aEN-75230
037 _bDBAD / PUB
040 _adpl
_bEnglish
082 _a347.5409
100 _aKohli, Hari Dev
245 _aNew case law referencer on Arbitration and Conciliation Act /
_cby Hari Dev Kohli
260 _aDelhi
_bUniversal Law Publishing
_c2008
270 _aC-FF-1A, Dilkhush Industrial Estate, (Opp, Hans Cinema, Azadpur) GT. Karnal Road,,
_bDelhi
_e110033
300 _alv, 476p.
_c25cm (pbk)
610 _aIndia
_tArbitration and Conciliation Act
650 _aArbitration and award
_zIndia
650 _aArbitration and award, International
942 _2ddc
_cEN
_mKOH
_h347.5409
999 _c18856
_d18856